000 00268nam a2200097Ia 4500
001 1300092
005 20260420095857.0
008 260420s9999 xx 000 0 und d
245 0 _aKELOĞLAN'IN ALİ CENGİZ OYUNU
_cMÜNİRE DANİŞ
260 _bTİMAŞ ÇOCUK YAYINLARI
999 _c1300092
_d1300092